000248441 001__ 248441
000248441 005__ 20250112183733.0
000248441 022__ $$2(DE-600)2805255-9$$a0121-0041
000248441 022__ $$a0121-0041$$l2256-5655
000248441 022__ $$a2256-5655
000248441 0247_ $$2ZDBID$$aPERI:(DE-600)3129837-0
000248441 0247_ $$2ZDBPPN$$aZDPPN:1264331479
000248441 0247_ $$2EZBID$$aPERI:(DE-606)488922
000248441 0247_ $$2EZBID$$aPERI:(DE-606)488922
000248441 0247_ $$2OCLC$$aOCLC:1340002903
000248441 035__ $$aPERI:(DE-600)3129837-0
000248441 040__ $$a0005$$bger$$cDE-101$$dJOIN²$$eJOIN² journal identification
000248441 041__ $$aspa
000248441 044__ $$cXD-CO
000248441 082__ $$223sdnb$$a610$$qDE-600
000248441 08274 $$223sdnb$$a610$$qDE-600
000248441 24220 $$2DE-600$$aRevista colombiana de medicina física y rehabilitación$$bórgano oficial de la Asociación Colombiana de Medicina Física y Rehabilitación$$yen
000248441 24220 $$2DE-600$$aRevista colombiana de medicina física y rehabilitación$$bórgano oficial de la Asociación Colombiana de Medicina Física y Rehabilitación
000248441 245__ $$2DE-600$$aRevista colombiana de medicina física y rehabilitación$$bórgano oficial de la Asociación Colombiana de Medicina Física y Rehabilitación$$honline, print
000248441 2463_ $$2DE-600$$aRevista colombiana de medicina física y rehabilitación
000248441 2463_ $$aRevista colombiana de medicina física y rehabilitación
000248441 2463_ $$aRevista Colombiana de Medicina Física y Rehabilitación
000248441 260__ $$aBogotá, Colombia$$bAsociación Colombiana de Medicina Física y Rehabilitación$$cn[2009] -
000248441 2607_ $$2DOAJ$$aColombia$$bAsociación Colombiana de Medicina Física y Rehabilitación$$d2022-08-02T08:53:14Z$$fRevista Colombiana de Medicina Física y Rehabilitación
000248441 26431 $$aBogotá, Colombia$$bAsociación Colombiana de Medicina Física y Rehabilitación$$cn[2009] -
000248441 3620_ $$2DE-600$$aVol. 19, núm. 1 (Enero-Junio 2009) -
000248441 36301 $$2DE-600$$81.1\x$$a19$$b1$$i2009
000248441 380__ $$2marcgt$$ajournal
000248441 500__ $$aAutomatically generated record. (Updated: 2024-12-18)
000248441 65310 $$2EZB-Subject$$aMedizin
000248441 65310 $$2EZB-Subject$$aGesundheitswissenschaften
000248441 65310 $$2EZB-Keyword$$aRehabilitiation,Physikalische Therapie
000248441 65310 $$2DOAJ$$aphysical therapy$$d2022-08-02T08:53:14Z
000248441 65310 $$2DOAJ$$arehabilitation$$d2022-08-02T08:53:14Z
000248441 65310 $$2DOAJ$$amusculoskeletal rehabilitation$$d2022-08-02T08:53:14Z
000248441 65310 $$2DOAJ$$aorthoses$$d2022-08-02T08:53:14Z
000248441 65310 $$2DOAJ$$aelectrodiagnostic medicine$$d2022-08-02T08:53:14Z
000248441 65310 $$2DOAJ$$achronic pain$$d2022-08-02T08:53:14Z
000248441 65310 $$2DOAJ$$aMedicine: Internal medicine: Specialties of internal medicine: Diseases of the musculoskeletal system$$d2022-08-02T08:53:14Z
000248441 77608 $$2DE-600$$dBogotá, Colombia : Asociación Colombiana de Medicina Física y Rehabilitación, [2013?]-$$iErscheint auch als$$nDruck-Ausgabe$$tRevista colombiana de medicina física y rehabilitación$$w(DE-600)2805255-9$$x0121-0041
000248441 8564_ $$d0$$uhttps://ezb.ur.de/?3129837-0$$yEZB
000248441 8564_ $$d0$$uhttps://revistacmfr.org/index.php/rcmfr/about$$yAPC information
000248441 8564_ $$d0$$uhttps://revistacmfr.org/index.php/rcmfr/about#enfoque_alcance$$yScope
000248441 8564_ $$d0$$uhttps://revistacmfr.org/index.php/rcmfr/about/editorialTeam$$yEditorial board
000248441 8564_ $$d0$$uhttps://revistacmfr.org/index.php/rcmfr/about/submissions$$yInstructions for Authors
000248441 8564_ $$d0$$uhttps://revistacmfr.org/index.php/rcmfr/issue/archive$$yVerlag = kostenfrei
000248441 8801_ $$2DE-600$$aRevista colombiana de medicina física y rehabilitación$$bórgano oficial de la Asociación Colombiana de Medicina Física y Rehabilitación
000248441 909CO $$ooai:juser.fz-juelich.de:913793$$pauthority$$pauthority:PERI
000248441 909CO $$ooai:juser.fz-juelich.de:913793
000248441 915__ $$0StatID:(DE-HGF)0501$$2StatID$$aDBCoverage$$bDOAJ Seal$$d2022-08-02T08:53:14Z
000248441 915__ $$0StatID:(DE-HGF)0500$$2StatID$$aDBCoverage$$bDOAJ$$d2022-08-02T08:53:14Z
000248441 915__ $$0StatID:(DE-HGF)0030$$2StatID$$aPeer Review$$bDOAJ : Double anonymous peer review$$d2022-08-02T08:53:14Z
000248441 915__ $$0LIC:(DE-HGF)CCBYNCNDNV$$2V:(DE-HGF)$$aCreative Commons Attribution-NonCommercial-NoDerivs CC BY-NC-ND (No Version)$$bDOAJ$$d2022-08-02T08:53:14Z
000248441 980__ $$aPERI
000248441 980__ $$aAUTHORITY